000 02982nam a2200241Ia 4500
003 Ost
005 20260507074933.0
008 260507s9999||||xx |||||||||||||| ||und||
020 _a9957160111
040 _cfsecg
041 _aara
082 _a346.07
100 _aياملكي، أكرم
_eمؤلف
245 0 _aالأوراق التجارية و العمليات المصرفية /
_c أكرم ياملكي
250 _aطبعة 3
260 _aعمان:
_bدار الثقافة,
_c2008
300 _a351 صفحة؛
_c24 سم
504 _aبيبليوغرافيا ص.349
520 _a القسم الأول : الأوراق التجارية : الفصل الأول : سند السحب : الفرع الأول : إنشاء سند السحب : الفرع الثاني : مقابل الوفاء : الفصل الثاني : السند لأمر : الفرع الأول : تعريف السند لأمر : الفرع الثاني : خصائص السند لأمر: الفصل الثالث : الشيك : الفرع الأول : التعريف بالشيك : الفرع الثاني : خصائص الشيك -القسم الثاني : العمليات المصرفية : الفصل الأول : الحساب الجاري المصرفي : الفرع الأول : تعريف وتمييز : الفرع الثاني : محل العقد : الفصل الثاني : وديعة النقود : الفرع الأول : تعريف وديعة النقود : الفرع الثاني : خصائص وديعة النقود : الفصل الثالث : وديعة الأوراق االمالية : الفرع الأول : تعريف وديعة الأوراق المالية : الفرع الثاني : خصائص وديعة الأوراق المالية : الفصل الرابع : إجارة الصناديق الحديدية : الفرع الأول : تعريف إجارة الصناديق الحديدية : الفرع الثاني : خصائص إجارة الصناديق الحديدية : الفصل الخامس :فتح الاعتماد المالي : الفرع الأول : تعريف الاعتماد المالي : الفرع الثاني : خصائص الاعتماد المالي: الفصل السادس : الاعتماد المستندي : الفرع الأول : تعريف الاعتماد المستندي : الفرع الثاني : خصائص الاعتماد المستندي : الفصل السابع : خطاب الضمان : الفرع الأول : تعريف وتمييز : الفرع الثاني : خصائص خطاب الضمان : الفصل الثامن : النقل المصرفي : الفرع الأول : تعريف وتمييز : الفرع الثاني : خصائص النقل المصرفي : الفصل التاسع : الفرع الأول : الفرع الأول : تعريف الخصم وتكييفه : الفرع الثاني : أثار الخصم
653 _aأوراق تجارية
653 _aعمليات مصرفية
942 _cكتاب
999 _c41866
_d41866